ARRUPE JESUIT UNIVERSITY

CORONAVIRUS -STOP THE SPREAD - CLEAN,DISINFECT,COVER

Beyond the body proper : (Record no. 121809)

MARC details
000 -LEADER
fixed length control field 01427cam a2200397 a 4500
001 - CONTROL NUMBER
control field 14525507
003 - CONTROL NUMBER IDENTIFIER
control field ARRUPE
005 - DATE AND TIME OF LATEST TRANSACTION
control field 20150123141544.0
008 - FIXED-LENGTH DATA ELEMENTS--GENERAL INFORMATION
fixed length control field 060829s2007 ncu b 001 0 eng
010 ## - LIBRARY OF CONGRESS CONTROL NUMBER
LC control number 2006028687
015 ## - NATIONAL BIBLIOGRAPHY NUMBER
National bibliography number GBA731363
Source bnb
016 7# - NATIONAL BIBLIOGRAPHIC AGENCY CONTROL NUMBER
Record control number 013731331
Source Uk
020 ## - INTERNATIONAL STANDARD BOOK NUMBER
International Standard Book Number 9780822338307
020 ## - INTERNATIONAL STANDARD BOOK NUMBER
International Standard Book Number 0822338300
020 ## - INTERNATIONAL STANDARD BOOK NUMBER
International Standard Book Number 9780822338451 (pbk.)
020 ## - INTERNATIONAL STANDARD BOOK NUMBER
International Standard Book Number 0822338459 (pbk.)
035 ## - SYSTEM CONTROL NUMBER
System control number (OCoLC)ocm71368953
035 ## - SYSTEM CONTROL NUMBER
System control number (OCoLC)71368953
040 ## - CATALOGING SOURCE
Original cataloging agency DLC
Transcribing agency DLC
Modifying agency BAKER
-- C#P
-- BTCTA
-- YDXCP
-- UKM
-- LVB
-- TOZ
-- DLC
050 00 - LIBRARY OF CONGRESS CALL NUMBER
Classification number HM636
Item number .B48 2007
082 00 - DEWEY DECIMAL CLASSIFICATION NUMBER
Classification number 306.4
Edition number 22
300 ## - PHYSICAL DESCRIPTION
Dimensions 25 cm.
245 00 - TITLE STATEMENT
Title Beyond the body proper :
Remainder of title reading the anthropology of material life /
Statement of responsibility, etc edited by Margaret Lock and Judith Farquhar.
260 ## - PUBLICATION, DISTRIBUTION, ETC. (IMPRINT)
Place of publication, distribution, etc Durham [N.C.] :
Name of publisher, distributor, etc Duke University Press,
Date of publication, distribution, etc 2007.
300 ## - PHYSICAL DESCRIPTION
Extent 688 p. ;
440 #0 - SERIES STATEMENT/ADDED ENTRY--TITLE
Title Body, commodity, text
9 (RLIN) 14362
504 ## - BIBLIOGRAPHY, ETC. NOTE
Bibliography, etc Includes bibliographical references (p. [673]-683) and index.
650 #0 - SUBJECT ADDED ENTRY--TOPICAL TERM
Topical term or geographic name as entry element Human physiology.
9 (RLIN) 14364
650 #0 - SUBJECT ADDED ENTRY--TOPICAL TERM
Topical term or geographic name as entry element Physical anthropology.
9 (RLIN) 14365
650 #0 - SUBJECT ADDED ENTRY--TOPICAL TERM
Topical term or geographic name as entry element Human body
General subdivision Social aspects.
9 (RLIN) 14366
650 #0 - SUBJECT ADDED ENTRY--TOPICAL TERM
Topical term or geographic name as entry element Medical anthropology.
9 (RLIN) 14367
700 1# - ADDED ENTRY--PERSONAL NAME
Personal name Lock, Margaret M.
9 (RLIN) 14368
700 1# - ADDED ENTRY--PERSONAL NAME
Personal name Farquhar, Judith.
9 (RLIN) 14369
906 ## - LOCAL DATA ELEMENT F, LDF (RLIN)
a 7
b cbc
c orignew
d 1
e ecip
f 20
g y-gencatlg
942 ## - ADDED ENTRY ELEMENTS (KOHA)
Source of classification or shelving scheme Library of Congress Classification
Koha item type Monograph ( Printed materials)
Holdings
Withdrawn status Lost status Source of classification or shelving scheme Damaged status Not for loan Collection code Home library Current library Shelving location Date acquired Total Checkouts Full call number Barcode Date last seen Price effective from Koha item type
    Library of Congress Classification     Main Collection ARRUPE LIBRARY ARRUPE LIBRARY Main Collection 20/01/2015   HM636 .B48 2007 46500003113 30/04/2018 20/01/2015 Monograph ( Printed materials)

 

Arrupe Library. PO Box MP320 Mt Pleasant, Harare, Zimbabwe
263 242 745411|librarian@aju.ac.zw